Introductory concepts for abstract mathematics
Αποθηκεύτηκε σε:
| Κύριος συγγραφέας: | |
|---|---|
| Μορφή: | Βιβλίο |
| Γλώσσα: | English |
| Δημοσίευση: |
New York :
CRC Press,
c2000.
|
| Θέματα: | |
| Ετικέτες: |
Προσθήκη ετικέτας
Δεν υπάρχουν, Καταχωρήστε ετικέτα πρώτοι!
|
MARC
| LEADER | 00000nam a2200000 a 4500 | ||
|---|---|---|---|
| 001 | 1/107481 | ||
| 008 | 150716t2000####nyu| ||| |||| ||eng|| | ||
| 020 | |a 9781584881346 |q (σκληρό εξώφυλλο) | ||
| 040 | |a GR-MyUa |b gre |c GR-MyUa |e AACR2 | ||
| 041 | 1 | |a eng | |
| 082 | 7 | |a 510 |2 (23) | |
| 100 | 1 | |a Hummel Kenneth E. |e aut | |
| 245 | 1 | 0 | |a Introductory concepts for abstract mathematics |c Kenneth E. Hummel |
| 260 | |a New York : |b CRC Press, |c c2000. | ||
| 300 | |a 332 σ : |b διαγρ. ; |c 23 εκ. | ||
| 504 | |a Περιλαμβάνει βιβλιογραφία και ευρετήριο. | ||
| 650 | 0 | |a Mathematics. | |
| 852 | |a INST |b CHIOS |e 20150716 |h 510 HUM |p 005200037419 |q 005200037419 |t BK |y 0 | ||
| 922 | |a 2ΕΛΗ |b 2015-04 |c ΤΑΚ/ΤΜΟΔ |d ΔΡΕΣ | ||
| 970 | |a Πουλάκη |b Στέλλα |z 16-07-2015 | ||